Comentarios al Código Penal de la República Argentina. parte especial. Arts. 237 a 264 delitos contra la administración pública / Volumen 5A :

Guardado en:
Otros Autores: Lema, Mariano N., (coord.), Pazos Crocitto, José Ignacio., Genchi García, María Belén.
Formato: Libro
Idioma:Undetermined
Publicado: Buenos Aires : B de F, 2025.
Edición:1a. ed.
Materias:
Etiquetas: Agregar Etiqueta
Sin Etiquetas, Sea el primero en etiquetar este registro!
LEADER 00767nam a22001935a 4500
001 DER.der015180
008 250424s2025####ag############000#0#und#d
005 20250626141102.0
245 1 0 |a Comentarios al Código Penal de la República Argentina.  |n Volumen 5A :  |b parte especial. Arts. 237 a 264 delitos contra la administración pública /  |c dirigido por Ricardo Basílico; coordinado por Mariano Nicolás Lema. 
250 |a 1a. ed. 
260 |a Buenos Aires :  |b B de F,  |c 2025. 
300 |a 437 p. 
020 |a 9789915684260 
100 1 |a Basílico, Ricardo.,  |e dir. 
700 1 |a Lema, Mariano N.,  |e coord. 
700 1 |a Pazos Crocitto, José Ignacio. 
700 1 |a Genchi García, María Belén. 
650 7 |a DERECHO PENAL 
859 |a DERECHO  |b BIB. DERECHO  |h 345.02  |i BAS  |p 0010580  |3 5A